Statistics for Greece Decoder

Click here to take the quiz!

General Stats

  • This quiz has been taken 72 times
  • The average score is 13 of 19

Answer Stats

HintAnswer% Correct
AModern-day capital and largest city of GreeceAthens
100%
OGames which were first held in both 776 BC and 1896 ADOlympic
97%
IFamous work by Homer (not the Odyssey)Iliad
89%
MGreek region from which Alexander the Great hailedMacedonia
83%
HWife of the Greek's greatest godHera
80%
RCity which once contained a massive colossusRhodes
80%
HOfficial name of Greece: ________ RepublicHellenic
77%
TSecond-largest city; namesake of two Bible booksThessaloniki
77%
REmpire of which Greece became a part about 2000 years agoRoman
75%
EGreek counterpart of the more famous CupidEros
74%
NNumber of stripes on Greece's flagNine
72%
ENamesake of Greece's continent, and of a moonEuropa
72%
ILarge sea near GreeceIonian
65%
EZone which Greece joined in 2001Eurozone
60%
TDefeater of the minotaur and owner of a philosophical shipTheseus
58%
FSymbol of Hestia, goddess of the hearth (another name for it)Fireplace
51%
QuoteI think, therefore I am
40%
KNon-anglicized name of CadmusKadmos
25%
ITitan of mortality, also known as 'the Piercer'Iapetus
17%

Score Distribution

Percentile by Number Answered

Percent of People with Each Score

Your Score History

You have not taken this quiz